000 01187nam a2200325 i 4500
003 EG-GICUC
005 20260422083257.0
008 260422s1908 fr |||fr|||| 00| 0 fre d
040 _aEG-GiCUC
_bfre
_cEG-GiCUC
_dEG-GiCUC
_eRda
041 _afre
082 0 4 _221
_a343.3
_bCH . T
092 0 4 _221
099 _aLaw1 10 343.3 CH . T 3 ed -1908
100 1 _aChauveau , A
_eAuteur
245 1 0 _aThéorie Du Code Pénal.
_nTome Sixieme /
_cA. Chauveau Et Faustin-Hélie ; Edmond Villey , E. Mesnard.
250 _aSIXIÈME ÉDITION ANNOTEE
264 _aParis :
_bImprimerie Et Librairie Générale De Jurisprudence ,
_c1908.
300 _a598 page ;
_c 24 cm.
_billustration ;
336 _2rda contenu
_a texte
337 _2rda medias
_aOrdinateur
338 _2 transporteur rda
_a Ressource en ligne
500 _aET AUGMENTÉE D'UN SUPPLÉMENT contenant la législation et la jurisprudence nouvelles
504 _aBibliography: pages 200-250. 240-220
546 _aTexte en français
650 1 4 _aDroit de procédure pénale
_2qrmak
651 1 _2qrmak
856 4 0 _uhttps://fll.law.cu.edu.eg/fulltext/bks/B10-10549.pdf
905 _a161
942 _2ddc
_cBK
_e21
_n0
999 _c72772
_d72772